000
00259nam a22001097a 4500
003
OSt
005
20260217143143.0
008
210122b ||||| |||| 00| 0 eng d
082
_a
621.902
_b
MAC/VA
245
_a
Valve gear for hydraulic machine tools
942
_c
BK
999
_c
16867
_d
16867